000 00214nam a2200097Ia 4500
008 190216s9999||||xx |||||||||||||| ||und||
100 _aNandanar
245 0 _aUnnikuttande Oru Divasam
260 _bNull
942 _cBK
999 _c24664
_d24664